Language Quiz

Random Language or Africa Quiz

French-Speaking African Countries Map Quiz Stats

 Plays Quiz Updated Jul 2, 2018

Challenge
Share
Tweet
Score 0/21 Timer 05:00
2 Plays Today
% Correct
Mali
86.7%
Côte d'Ivoire
86.5%
Niger
85.4%
Cameroon
80.3%
Chad
80.2%
Central
African
Republic
79.9%
Guinea
78.2%
Democratic Republic
of the Congo
77.8%
Senegal
77.3%
Republic of the Congo
75.8%
Burkina Faso
75.7%
% Correct
Benin
75.5%
Gabon
73.8%
Togo
73.6%
Madagascar
47.4%
Equatorial Guinea
45.1%
Comoros
41.9%
Seychelles
38.7%
Burundi
38.2%
Rwanda
38%
Djibouti
28.5%

You're not logged in!

Compare scores with friends on all Sporcle quizzes.
OR
Log In

You Might Also Like...

Show Comments

Extras

Top Quizzes Today


Score Distribution

Your Account Isn't Verified!

In order to create a playlist on Sporcle, you need to verify the email address you used during registration. Go to your Sporcle Settings to finish the process.

Report this User

Report this user for behavior that violates our Community Guidelines.

Details: